| Поле | Инд. | ПП | Название | Значение |
|---|---|---|---|---|
| Тип записи | a | |||
| Библиографический уровень | b | |||
| 001 | Контрольный номер | UNIDUBNAb4858dc3cb99409d9c231c12a662bae4 | ||
| 005 | Дата корректировки | 20260522223837.7 | ||
| 008 | Кодируемые данные | 20170331 | ||
| 040 | b | Код языка каталог. | rus | |
| e | Правила каталог. | PSBO | ||
| 041 | 0_ | a | Код языка текста | rus |
| 084 | a | Индекс другой классификации/Индекс ББК | 63.3(2)612 | |
| 100 | 1_ | a | Автор | Ганин А. |
| e | Роль лиц | Ганин Андрей | ||
| 245 | 10 | a | Заглавие | Отдавал ли Ленин приказ расстрелять Колчака? |
| b | Продолж. заглавия | Распутываем клубок версий о гибели одного из лидеров Белого движения | ||
| 520 | 0_ | a | Аннотация | 7 февраля 1920 г. в Иркутске по постановлению местного Военно-революционного комитета (ВРК) были расстреляны бывший Верховный правитель России адмирал А. В. Колчак и бывший председатель Совета министров его правительства В. Н. Пепеляев. Чтобы не оставлять следов, тела спустили в прорубь. О роли главы советского правительства В. И. Ленина в гибели Колчака написано немало, однако никто не обратил внимания на некоторые важные детали, с которыми в этой публикации познакомит читателей "Родина". |
| 600 | 14 | a | Персоналии | Колчак Александр Васильевич |
| a | Персоналии | Ленин Владимир Ильич | ||
| a | Персоналии | Пепеляев Виктор Николаевич | ||
| 650 | 14 | a | Основная рубрика | история |
| 653 | 0_ | a | Ключевые слова | XX век |
| a | Ключевые слова | Белое движение | ||
| a | Ключевые слова | большевики | ||
| a | Ключевые слова | Военно-революционный комитет (ВРК) | ||
| a | Ключевые слова | Гражданская война 1917-1922 | ||
| a | Ключевые слова | Иркутск | ||
| a | Ключевые слова | Красная армия | ||
| a | Ключевые слова | Россия | ||
| a | Ключевые слова | Сибирь | ||
| a | Ключевые слова | советский период | ||
| 773 | 08 | t | Заглавие источника | Родина |
| d | Дата издания источника | 2026 | ||
| g | Прочая информация | № 4. - С. 111 - 115 : фот., ил. | ||
| w | Контрольный № источника | UNIDUBNAd3f1dc7f83864c1389850c509fe509f0 | ||
| 901 | t | Тип документа | b |